[Event "Tatran Cup"]
[Site "Stary Smokovec"]
[Date "1984.??.??"]
[Round "10"]
[White "Chernin, Alexander"]
[Black "Franzen, Josef"]
[Result "1/2-1/2"]
[WhiteElo "2475"]
[BlackElo "2355"]

1.d4 Nf6 2.c4 e6 3.g3 d5 4.Bg2 Be7 5.Nf3 O-O 6.O-O dxc4 7.Qc2 a6 8.a4 Bd7
9.Qxc4 Bc6 10.Re1 Bd5 11.Qc2 Nc6 12.Nbd2 Nxd4 13.Nxd4 Bxg2 14.Nxe6 fxe6 15.Kxg2 c5
16.a5 Qd7 17.Nc4 Rad8 18.e4 Qd3 19.Qxd3 Rxd3 20.f3 Rfd8 21.Be3 Nd7 22.Rac1 Nb8
23.Ne5 Rb3 24.Bxc5 Rxb2+ 25.Kh3 Bf6 26.Nc4 Rb5 27.Bb6 Rd3 28.e5 Bg5 29.Nd6 Bxc1
30.Rxc1 Rxf3 31.Nxb5 axb5 32.Rb1 Rd3 33.Rxb5  1/2-1/2

[Event "CSR-ch"]
[Site "Sumperk"]
[Date "1984.??.??"]
[Round "4"]
[White "Smejkal, Jan"]
[Black "Prandstetter, Eduard"]
[Result "1/2-1/2"]
[WhiteElo "2545"]
[BlackElo "2435"]

1.Nf3 Nf6 2.g3 e6 3.Bg2 Be7 4.c4 d5 5.d4 O-O 6.O-O dxc4 7.Qc2 a6 8.Qxc4 b5
9.Qc2 Bb7 10.Bd2 Bd5 11.Qc1 Qc8 12.Bg5 c5 13.Nbd2 Bb7 14.dxc5 Qxc5 15.Nb3 Qc8
16.Rd1 Bd5 17.Qe3 Qb7 18.Rac1 Nc6 19.Ne1 Bxg2 20.Nxg2 Rfd8 21.Rxd8+ Rxd8
22.Qf3 Nd5 23.Bxe7 Ndxe7 24.Nf4 Qd7 25.Nd3 Qd6 26.Ndc5 Nd4 27.Nxd4 Qxd4 28.Qd3 Qxd3
29.Nxd3 Rc8 30.Rxc8+ Nxc8 31.b4 Nb6 32.Nc5 Nd5 33.Nxa6 Nc3 34.a3  1/2-1/2

[Event "URS-FL"]
[Site "Sverdlovsk"]
[Date "1984.??.??"]
[Round "?"]
[White "Gorelov, Sergey G"]
[Black "Rozentalis, Eduardas"]
[Result "1/2-1/2"]
[WhiteElo "2420"]
[BlackElo "2490"]

1.d4 Nf6 2.c4 e6 3.g3 Be7 4.Bg2 d5 5.Nf3 O-O 6.O-O dxc4 7.Qc2 a6 8.a4 Nbd7
9.Nbd2 c5 10.dxc5 Nxc5 11.Ne5 c3 12.Qxc3 Nd5 13.Qc2 Qc7 14.Ndf3 f6 15.Nd3 Nxd3
16.Qxd3 Bd7 17.Bd2 Rfc8 18.Rac1 Qd8 19.b3 Rxc1 20.Rxc1 Rc8 21.Ne1 Rxc1 22.Bxc1 Bc6
23.Bd2 Qd6 24.Nc2 e5 25.e4 Nc7 26.Qxd6 Bxd6 27.f3 Kf7 28.Kf2 Ke7 29.Ke2 Bc5
30.Be3  1/2-1/2

[Event "URS-FL"]
[Site "Sverdlovsk"]
[Date "1984.??.??"]
[Round "?"]
[White "Gavrikov, Viktor"]
[Black "Rozentalis, Eduardas"]
[Result "1-0"]
[WhiteElo "2505"]
[BlackElo "2490"]

1.c4 Nf6 2.g3 e6 3.Bg2 d5 4.Nf3 Be7 5.d4 O-O 6.Qc2 dxc4 7.Qxc4 a6 8.Qc2 c5
9.dxc5 Qa5+ 10.Nc3 Nc6 11.O-O Qxc5 12.Be3 Qh5 13.h3 Qa5 14.Rfd1 Bd7 15.Qb3 Nb4
16.a3 Nbd5 17.Nxd5 exd5 18.Rdc1 Bd6 19.Bd4 Ba4 20.Qd3 Ne4 21.b3 Bb5 22.Qc2 Rfe8
23.e3 Qd8 24.Bb2 Qe7 25.a4 Bc6 26.Qd3 Rad8 27.Rc2 Qf8 28.Rf1 Bc5 29.Ne5 a5
30.Rfc1 Ba7 31.Bd4 Bxd4 32.Qxd4 Qa3 33.Qb6 Nd2 34.Nxc6 bxc6 35.Qxc6 Nxb3
36.Rb1 d4 37.Bd5 dxe3 38.Rxb3 Qa1+ 39.Rc1 exf2+ 40.Kg2 Qd4 41.Bc4 Re1 42.Rbb1 Qe3
43.Bf1 h5 44.Qc4 Qg5 45.h4 Qe7 46.Qc2 Qe3 47.Rd1 Rexd1 48.Rxd1 Rxd1 49.Qxd1 Qc5
50.Bb5 g6 51.Qd8+ Kg7 52.Qxa5 f1=Q+ 53.Kxf1 Qf5+ 54.Ke2 Qe5+ 55.Kd2 Qd5+
56.Kc1 Qh1+ 57.Kc2 Qe4+ 58.Bd3 Qg2+ 59.Kb3 Qxg3 60.Qd8 f6 61.Qe7+  1-0

[Event "Titograd"]
[Site "Titograd"]
[Date "1984.??.??"]
[Round "?"]
[White "Csom, Istvan"]
[Black "Popovic, Petar"]
[Result "1/2-1/2"]
[WhiteElo "2505"]
[BlackElo "2515"]

1.d4 Nf6 2.c4 e6 3.g3 d5 4.Nf3 Be7 5.Bg2 O-O 6.O-O dxc4 7.Qa4 a6 8.Qxc4 b5
9.Qc2 Bb7 10.Bf4 Bd6 11.Nc3 Bxf4 12.gxf4 Qd6 13.e3 c5 14.Rfd1 cxd4 15.Nxd4 Bxg2
16.Kxg2 Nbd7 17.Ne4 Qd5 18.Nc6 Qh5 19.Rac1 Kh8 20.Ng3 Qh4 21.Rd4 Rac8 22.Qd1 Nd5
23.a4 f5 24.axb5 axb5 25.Nb4 Rxc1 26.Qxc1 N7b6 27.Qc5 Qd8 28.Qxb5 Qa8 29.Qc6 Qxc6
30.Nxc6 Rc8 31.Nb4 g6 32.Ne2 Kg7 33.Nxd5 Nxd5 34.Rd2 Kf6 35.Nc3 Nb6 36.Rd6 Rb8
37.Rc6 Ke7 38.Ne2 Nd5 39.Rc2 Rb6 40.Nd4 Kd7 41.Nf3 Ke7 42.Kf1 Ra6 43.Nd4 Kd7
44.Ke2 Ra1 45.Kf3 Ra6 46.Nb3 Ke7 47.Nc1 h6 48.Nd3 g5 49.Rc8 Rb6 50.Rh8 Rb3
51.Rh7+ Ke8 52.Nc5 Rxb2 53.Nxe6 g4+ 54.Kg3 Nf6 55.Rxh6 Ne4+ 56.Kg2 Rxf2+
57.Kg1 Re2 58.Ng7+ Kf7 59.Nxf5 Nd2 60.h3 g3 61.Nxg3 Rxe3 62.Kg2 Ne4 63.Nxe4 Rxe4
64.Kf3 Ra4 65.h4 Kg7 66.Rd6 Ra3+ 67.Kg4 Ra5 68.h5 Rb5 69.Rg6+ Kf7 70.Rg5 Rb1
71.h6 Ra1 72.Rh5 Kg8 73.Kg5 Kh7 74.f5 Rg1+ 75.Kf6 Ra1 76.Rh2 Ra6+ 77.Kg5 Ra1
78.Re2 Rg1+ 79.Kf6 Ra1 80.Rb2 Ra3 81.Rb1 Ra2 82.Rd1 Ra3 83.Rd8 Ra1 84.Rd6 Kxh6
85.Ke7+ Kh7 86.f6 Ra8 87.Rd8 Ra7+ 88.Rd7 Ra8 89.Kf7 Rb8 90.Re7 Ra8 91.Re8 Ra7+
92.Ke6 Ra6+ 93.Kf5 Ra5+ 94.Re5 Ra1 95.Re8 Ra5+ 96.Ke6 Ra6+ 97.Kf7 Ra7+ 98.Re7 Ra8
99.Rb7 Kh6 100.Rd7 Kh7 101.Re7 Kh6 102.Re8  1/2-1/2

[Event "URS Cup"]
[Site "URS"]
[Date "1984.??.??"]
[Round "?"]
[White "Gorelov, Sergey G"]
[Black "Zilberman, Nathan R"]
[Result "1/2-1/2"]
[WhiteElo "2445"]
[BlackElo "2400"]

1.d4 Nf6 2.c4 e6 3.g3 d5 4.Nf3 Be7 5.Bg2 O-O 6.O-O Nbd7 7.Qc2 c6 8.b3 b6
9.Rd1 a5 10.Bb2 Ba6 11.Nbd2 Qb8 12.e4 Rc8 13.Re1 Ra7 14.e5 Ne8 15.Rad1 Nc7
16.h4 h6 17.Nf1 a4 18.Ne3 axb3 19.axb3 Bb7 20.g4 g6 21.h5 g5 22.Nd2 Qa8 23.Ndf1 Rd8
24.Ng3 c5 25.cxd5 Bxd5 26.Bxd5 Nxd5 27.Nxd5 Qxd5 28.dxc5 Qxc5 29.Qxc5 Nxc5
30.Rxd8+  1/2-1/2

[Event "Valjevo"]
[Site "Valjevo"]
[Date "1984.??.??"]
[Round "9"]
[White "Cvitan, Ognjen"]
[Black "Zivkovic, Vladislav"]
[Result "1-0"]
[WhiteElo "2480"]
[BlackElo "2200"]

1.d4 d5 2.c4 e6 3.Nf3 Nf6 4.g3 Be7 5.Bg2 b6 6.O-O O-O 7.cxd5 exd5 8.Nc3 Bb7
9.Ne5 Ne4 10.Qc2 Nxc3 11.Qxc3 f6 12.Nd3 c6 13.e4 Na6 14.exd5 cxd5 15.Nf4 Nc7
16.Re1 Qd6 17.Bd2 Rfe8 18.Rac1 Bd8 19.Rxe8+ Nxe8 20.Qb3 Nc7 21.h4 a5 22.a4 g6
23.Bh3 Ba6 24.Rxc7 Bxc7 25.Nxd5  1-0

[Event "Albena"]
[Site "Albena"]
[Date "1985.??.??"]
[Round "?"]
[White "Toshkov, Tihomir"]
[Black "Vilela, Jose Luis"]
[Result "1-0"]
[WhiteElo "2420"]
[BlackElo "2430"]

1.d4 Nf6 2.c4 e6 3.g3 d5 4.Bg2 Be7 5.Nf3 O-O 6.O-O dxc4 7.Qc2 a6 8.a4 Bd7
9.Qxc4 Bc6 10.Rd1 Bd5 11.Qc2 Nc6 12.Be3 Nb4 13.Qc3 a5 14.Nbd2 Ra6 15.b3 Ne4
16.Qb2 Nxd2 17.Rxd2 Rb6 18.Ne5 Bxg2 19.Kxg2 Nd5 20.Nc4 Rb4 21.Qc2 Nxe3+ 22.fxe3 f5
23.Kg1 Qd5 24.Rd3 c6 25.Rad1 Bg5 26.Rc3 Rd8 27.Kf2 Be7 28.Nb2 Bd6 29.Rc4 Rb6
30.Rc3 h5 31.Nc4 Rb4 32.Nd2 h4 33.Nf3 hxg3+ 34.hxg3 Bc7 35.Rh1 Qd7 36.Rc4 Qe7
37.Rxb4 Qxb4 38.Qc4 Qe7 39.Rh3 Rd5 40.Qc2 Qf6 41.e4 fxe4 42.Qxe4 Bb6 43.Kg2 Bxd4
44.Rh4 Be5 45.Qh7+ Kf8 46.Qh8+ Ke7 47.Qc8 Rd7 48.Rh8 Bc3 49.Qb8 Rd5 50.e4  1-0

[Event "Balatonbereny op"]
[Site "Balatonbereny"]
[Date "1985.??.??"]
[Round "1"]
[White "Bany, Jerzy"]
[Black "Cvetkovic, Srdjan"]
[Result "1-0"]
[WhiteElo "2420"]
[BlackElo "2340"]

1.Nf3 d5 2.d4 Nf6 3.c4 e6 4.g3 Be7 5.Bg2 O-O 6.O-O dxc4 7.Qc2 a6 8.Nbd2 b5
9.Ng5 c6 10.b3 h6 11.Ngf3 cxb3 12.Nxb3 a5 13.Rd1 Qb6 14.Ne5 Bb7 15.Nc5 Rc8
16.Bh3 Bxc5 17.dxc5 Qc7 18.Rd6 Na6 19.Bb2 Nb4 20.Qb3 Nbd5 21.Nxf7 Kxf7 22.e4 Re8
23.exd5 cxd5 24.Qxb5 e5 25.Re1 d4 26.Qb3+ Kf8 27.c6 Bc8 28.Ba3 Re7 29.Bxc8 Rxc8
30.Rxe5 Rb8 31.Rxe7  1-0

[Event "Boeblingen op"]
[Site "Boeblingen"]
[Date "1985.??.??"]
[Round "?"]
[White "Born, Mario"]
[Black "Novoselski, Zoran"]
[Result "0-1"]
[WhiteElo "2200"]
[BlackElo "2430"]

1.Nf3 Nf6 2.d4 e6 3.g3 d5 4.Bg2 Be7 5.c4 O-O 6.O-O c6 7.b3 Nbd7 8.Nbd2 b5
9.Qc2 Ba6 10.c5 b4 11.Re1 Bb5 12.Bb2 Re8 13.a4 bxa3 14.Rxa3 Nf8 15.Ne5 N6d7
16.Nxd7 Qxd7 17.e4 f5 18.exd5 exd5 19.Nf3 Bf6 20.Ne5 Bxe5 21.dxe5 Qf7 22.b4 Ne6
23.Qd2 Rab8 24.f4 Rb7 25.Qc2 Qf8 26.Bc3 Nxc5 27.Bd4 Ne4 28.Bxe4 fxe4 29.Bc5 Qf7
30.Qf2 a6 31.Bd6 Qf5 32.Kg2 Rf7 33.Bc5 Re6 34.Be3 Rh6 35.h4 Qg4 36.Rh1 Be2
37.Re1 Bc4 38.Rh1 Rf5 39.Rh2 Rg6 40.Ra1 d4  0-1

[Event "Capablanca mem-A"]
[Site "Cienfuegos"]
[Date "1985.??.??"]
[Round "4"]
[White "Yap, Andronico"]
[Black "Velez, Nestor"]
[Result "1-0"]
[WhiteElo "2400"]
[BlackElo "2385"]

1.Nf3 d5 2.d4 e6 3.g3 Nf6 4.Bg2 Be7 5.c4 c6 6.Qc2 O-O 7.Nbd2 Nbd7 8.O-O b6
9.e4 Ba6 10.b3 Rc8 11.Bb2 c5 12.exd5 exd5 13.Rac1 b5 14.cxd5 Nxd5 15.Qf5 N7f6
16.Ng5 g6 17.Qh3 Nh5 18.Ne6 Qa5 19.Nxf8 Qxd2 20.Bxd5 Qxb2 21.Qd7 Rxf8 22.Qxe7 cxd4
23.Rcd1 d3 24.Rxd3 b4 25.Rf3 Qg7 26.g4  1-0

[Event "Copenhagen op"]
[Site "Copenhagen"]
[Date "1985.??.??"]
[Round "8"]
[White "Pavlovic, Milos"]
[Black "Hartung Nielsen, Jens"]
[Result "1-0"]
[WhiteElo "2305"]
[BlackElo "2245"]

1.d4 d5 2.c4 e6 3.Nf3 Nf6 4.g3 Be7 5.Bg2 O-O 6.O-O c6 7.Qc2 Nbd7 8.Bf4 Ne4
9.Nbd2 f5 10.Ne5 Nxe5 11.Bxe5 Bd7 12.Nf3 Be8 13.Ne1 Bg6 14.Nd3 Nd6 15.c5 Nf7
16.b4 Bf6 17.Bxf6 Qxf6 18.Qb2 Bh5 19.f4 g5 20.e3 a6 21.a4 Ra7 22.b5 axb5
23.axb5 Rfa8 24.Rxa7 Rxa7 25.bxc6 bxc6 26.Qb8+  1-0

[Event "NOR-ch"]
[Site "Gausdal"]
[Date "1985.??.??"]
[Round "4"]
[White "Bjerke, Richard"]
[Black "Hatlebakk, Einar"]
[Result "1/2-1/2"]
[WhiteElo "2275"]
[BlackElo "2320"]

1.Nf3 d5 2.d4 Nf6 3.c4 e6 4.g3 Be7 5.Bg2 O-O 6.O-O Nbd7 7.Qc2 c6 8.Rd1 b6
9.b3 Bb7 10.Nc3 Rc8 11.e4 c5 12.exd5 exd5 13.Nxd5 Nxd5 14.cxd5 Bxd5 15.Bb2 cxd4
16.Qf5 Be6 17.Qd3 Nc5 18.Qxd4 Qxd4 19.Nxd4 Bg4 20.Nc6 Rxc6 21.Bxc6 Bxd1 22.Rxd1 Rc8
23.Bf3 Kf8 24.Kf1 Rd8 25.Rxd8+ Bxd8 26.Ke2 f6 27.h4 Bc7 28.Ke3 a5 29.Be4 h6
30.Bf5 Ke7 31.f4 g5 32.fxg5 fxg5 33.hxg5 hxg5 34.Kf3 a4 35.b4 Na6 36.a3 Bd6
37.Bc2 b5 38.Bd3 Nc7 39.Bc1 Kf6 40.Kg4 Ke5 41.Bd2 Ke6  1/2-1/2

[Event "Bundesliga 8485"]
[Site "Germany"]
[Date "1985.??.??"]
[Round "?"]
[White "Lau, Ralf"]
[Black "Konieczka, Frank"]
[Result "1/2-1/2"]
[WhiteElo "2410"]
[BlackElo "2240"]

1.Nf3 d5 2.c4 e6 3.d4 Nf6 4.g3 Be7 5.Bg2 O-O 6.O-O dxc4 7.Qc2 a6 8.Qxc4 b5
9.Qc2 Bb7 10.Bf4 Nc6 11.Rd1 Nb4 12.Qc1 Rc8 13.Nc3 Nbd5 14.Nxd5 Bxd5 15.Be3 Ng4
16.Bg5 Nf6  1/2-1/2

[Event "Bundesliga 8485"]
[Site "Germany"]
[Date "1985.??.??"]
[Round "?"]
[White "Reefschlaeger, Helmut"]
[Black "Cladouras, Panagiotis"]
[Result "1-0"]
[WhiteElo "2425"]
[BlackElo "2295"]

1.d4 Nf6 2.c4 e6 3.g3 d5 4.Bg2 Be7 5.Nf3 O-O 6.O-O dxc4 7.Ne5 Nc6 8.Nxc6 bxc6
9.Bxc6 Rb8 10.Nc3 Bb7 11.Bxb7 Rxb7 12.e3 c5 13.Qf3 Rd7 14.dxc5 Bxc5 15.Qf4 Bb4
16.Qxc4 Bxc3 17.Qxc3 Rd3 18.Qc6 Qb8 19.e4 Qe5 20.f3 Rfd8 21.Rf2 Qd4 22.Kg2 Rd1
23.Be3 Qd3 24.Rxd1 Qxd1 25.Qc2 Qa1 26.Qc7 Rf8 27.Qxa7 h6 28.b4 Qb1 29.Qd4 Ra8
30.Qb2 Qd3 31.Qe2 Qa3 32.b5 Nd7 33.Qd2 Ne5 34.Qd4 f6 35.b6 Rb8 36.Bf4 Qa5
37.Rb2 Rb7 38.Bxe5 fxe5 39.Qd6 Kf7 40.Rc2 Qxb6 41.Qxe5 Qb1 42.Rc7+ Rxc7 43.Qxc7+ Kg8
44.Qd8+ Kh7 45.Qd2 Kg6 46.a4 Qa1 47.a5 Qa4 48.h4 Kf7 49.Kf2 Qc6 50.Kg2 Qa6
51.Qd7+ Kg8 52.Qd2 h5 53.Qa2 Kh7 54.f4 Kh6 55.Kh2 Kh7 56.f5 e5 57.Kg2 Qd3
58.a6 Qxe4+ 59.Kh2 Qa8 60.a7 e4 61.Qf7 e3 62.f6  1-0

[Event "Bundesliga 8485"]
[Site "Germany"]
[Date "1985.??.??"]
[Round "?"]
[White "Tischer, Guenter"]
[Black "Muse, Mladen"]
[Result "1/2-1/2"]
[WhiteElo "2335"]
[BlackElo "2375"]

1.Nf3 Nf6 2.g3 d5 3.Bg2 e6 4.d4 Be7 5.c4 O-O 6.Nbd2 c5 7.O-O cxd4 8.cxd5 Qxd5
9.Nb3 d3 10.exd3 Nc6 11.d4 Qd8 12.Qe2 Nb4 13.a3 Nbd5 14.Ne5 b6 15.Nc6 Qd7
16.Nxe7+ Qxe7 17.Nd2 a5 18.Re1 Ba6 19.Qe5 Rfd8 20.Ne4 Nxe4 21.Bxe4 Bb7 22.Bd2 Qd7
23.Rac1 Rac8 24.Rxc8 Rxc8 25.Rc1 Rxc1+ 26.Bxc1 Qc8 27.Bd2 Nf6 28.Bxb7 Qxb7
29.Qd6 h6 30.b4 Qf3 31.Be3 Nd5 32.Qc6 axb4 33.axb4 Qd1+ 34.Kg2 Qe2 35.Qc8+ Kh7
36.Qc1 Nxb4 37.d5 Nxd5 38.Qb1+ f5 39.Bxb6 Nc3 40.Qb4 Ne4 41.Be3 Qa2 42.Qb7 Nf6
43.Bd4 Kg6 44.Bxf6 Kxf6 45.Qc8 Qd5+ 46.Kg1 Qd6 47.Qc3+ e5 48.Qc8 f4 49.Qg4 Qd4
50.Qh4+ Kf7 51.Qh5+ Kg8 52.Qf5 Qd6 53.Kg2 g6 54.Qe4 Kg7 55.Kf3 Qd1+ 56.Kg2 Qd6
57.Kf3 g5 58.Qf5 Qd5+ 59.Kg4 Qd1+ 60.Kh3 Qf1+ 61.Kg4 Qd1+ 62.Kh3 Qd4 63.Qe6 e4
64.Qe7+ Kg6 65.Qe6+ Qf6 66.Qe8+ Qf7 67.Qxf7+ Kxf7 68.gxf4 Kf6 69.fxg5+ Kxg5
70.Kg3 Kf5 71.f4 h5 72.h4  1/2-1/2

[Event "Mittelfranken"]
[Site "Germany"]
[Date "1985.??.??"]
[Round "?"]
[White "Muehe, H."]
[Black "Popp, K."]
[Result "0-1"]
[WhiteElo "2200"]
[BlackElo "2200"]

1.c4 Nf6 2.d4 e6 3.g3 d5 4.Bg2 Be7 5.Nf3 c6 6.O-O O-O 7.Nbd2 Nbd7 8.b3 Re8
9.Bb2 Bd6 10.e4 Nxe4 11.Nxe4 dxe4 12.Ne5 Qc7 13.Nxd7 Bxd7 14.Bxe4 e5 15.Re1 f5
16.dxe5 Bxe5 17.Bxe5 Rxe5 18.Bg2 Rae8 19.Qd2 Rxe1+ 20.Rxe1 Rxe1+ 21.Qxe1 Qd6
22.h3 f4 23.Kh2 fxg3+ 24.fxg3 b6 25.Qe2 g6 26.Qe3 c5 27.Bd5+ Kg7 28.Kg2 Qf6
29.g4 g5 30.Qe2 h6 31.Qe3 Qb2+ 32.Kg3 Qf6 33.a3 a5 34.Kh2 Qf4+ 35.Qxf4 gxf4
36.Bf3 Kf6 37.h4 Be8 38.b4 axb4 39.axb4 cxb4 40.Be4 Bd7 41.Bf3 b3 42.Kg2 b2
43.g5+ hxg5 44.hxg5+ Kxg5  0-1

[Event "Hastings8586"]
[Site "Hastings"]
[Date "1985.??.??"]
[Round "2"]
[White "Rukavina, Josip"]
[Black "Braga, Fernando"]
[Result "1/2-1/2"]
[WhiteElo "2470"]
[BlackElo "2390"]

1.Nf3 Nf6 2.g3 d5 3.c4 e6 4.Bg2 Be7 5.d4 O-O 6.Nc3 dxc4 7.Ne5 c5 8.dxc5 Qxd1+
9.Nxd1 Bxc5 10.O-O Nc6 11.Nxc6 bxc6 12.Be3 Bxe3 13.Nxe3 c3 14.b3 Nd5 15.Rfc1 Ba6
16.Bf3 Rac8 17.Nd1 Rfd8 18.Nxc3 Nxc3 19.Rxc3 Rd2 20.Kf1 c5 21.Ke1 Rb2 22.Rd1 g6
23.Rd2 Rb1+ 24.Rd1 Rb2 25.Rd2 Rb1+ 26.Rd1  1/2-1/2

[Event "Jurmala"]
[Site "Jurmala"]
[Date "1985.??.??"]
[Round "10"]
[White "Bagirov, Vladimir"]
[Black "King, Daniel J"]
[Result "1/2-1/2"]
[WhiteElo "2485"]
[BlackElo "2425"]

1.d4 Nf6 2.Nf3 d5 3.c4 e6 4.g3 Be7 5.Bg2 O-O 6.O-O dxc4 7.Qc2 a6 8.a4 Bd7
9.Qxc4 Bc6 10.Bg5 a5 11.Nc3 Na6 12.Rfd1 Qd6 13.e3 Qb4 14.Qe2 h6 15.Bxf6 Bxf6
16.Ne1 Bxg2 17.Kxg2 Be7 18.Nd3 Qb3 19.Ne5 c6 20.Nc4 Nc7 21.Ne4 Qb4 22.Qc2 Bd8
23.Nc5 Na6 24.Ne5 Re8 25.Ra3 Qb6 26.Rb3 Nb4 27.Qc4 Qc7 28.Ned3 b6 29.Ne4 Be7
30.f3 Nd5 31.Nf4 b5 32.axb5 a4 33.Rbd3 cxb5 34.Qxc7 Nxc7 35.Rc3 Na6 36.Nd3 b4
37.Rc4 Rec8 38.Nec5 Nxc5 39.Nxc5 a3 40.bxa3 bxa3 41.Ra1 Ra5  1/2-1/2

[Event "Jurmala"]
[Site "Jurmala"]
[Date "1985.??.??"]
[Round "12"]
[White "Inkiov, Ventzislav"]
[Black "King, Daniel J"]
[Result "1/2-1/2"]
[WhiteElo "2480"]
[BlackElo "2425"]

1.d4 Nf6 2.c4 e6 3.Nf3 d5 4.g3 Be7 5.Bg2 O-O 6.O-O dxc4 7.Qc2 a6 8.Qxc4 b5
9.Qc2 Bb7 10.Bg5 Nbd7 11.Nbd2 Rc8 12.Nb3 Be4 13.Qc1 c5 14.Nxc5 Nxc5 15.dxc5 Rxc5
16.Qe3 Qa8 17.Bxf6 gxf6 18.Rad1 Rfc8 19.Rd7 R5c7 20.Rxc7 Rxc7 21.Rd1 f5 22.Qh6 Qf8
23.Qh4 Rc8 24.Ne5 Bxg2 25.Kxg2 Qg7 26.Rd7 Qg5 27.Qd4 Bf6 28.f4  1/2-1/2

[Event "Kavala zt"]
[Site "Kavala"]
[Date "1985.??.??"]
[Round "?"]
[White "Skalkotas, Nikolaos"]
[Black "Seitaj, Ilir"]
[Result "1-0"]
[WhiteElo "2375"]
[BlackElo "2335"]

1.d4 Nf6 2.c4 e6 3.g3 d5 4.Nf3 Be7 5.Bg2 O-O 6.O-O Nbd7 7.Qc2 c6 8.b3 b6
9.Rd1 Ba6 10.Nc3 Rc8 11.e4 dxc4 12.Qe2 b5 13.bxc4 bxc4 14.Rb1 Rb8 15.Rxb8 Qxb8
16.Bf4 Qc8 17.Rb1 Re8 18.Qc2 Bd8 19.e5 Nd5 20.Ne4 Be7 21.Nfg5 g6 22.h4 c5
23.dxc5 Bxc5 24.h5 Bf8 25.Nxh7 Kxh7 26.Ng5+ Kg8 27.Bxd5 exd5 28.e6 f5 29.hxg6 Nf6
30.Qxf5 Bg7 31.Be5 Qd8 32.Nh7 Nxh7 33.Qf7+  1-0

[Event "URS-ch sf"]
[Site "Kostroma"]
[Date "1985.??.??"]
[Round "11"]
[White "Khasin, Alexander"]
[Black "Taborov, Boris"]
[Result "1/2-1/2"]
[WhiteElo "2420"]
[BlackElo "2365"]

1.c4 e6 2.g3 d5 3.Bg2 Nf6 4.Nf3 Be7 5.d4 O-O 6.O-O b6 7.Nc3 Bb7 8.cxd5 exd5
9.Qc2 Na6 10.Rd1 Qc8 11.Bf4 h6 12.Be5 Qe6 13.Nh4 Rfd8 14.Nf5 Bf8 15.Bxf6 Qxf6
16.a3 c6 17.e4 dxe4 18.Qxe4 Nc7 19.Qe5 Ne8 20.Ne4 Qg6 21.h4 Bc8 22.Ne7+ Bxe7
23.Qxe7 Bg4 24.Rd2 Rd7 25.Qe5 Nc7 26.Nc3 Rad8 27.Rc1 Ne6 28.f3 Bf5 29.Ne2 Rd5
30.Qe3 c5 31.g4 cxd4 32.Qb3 Bb1 33.Qd1 Bc2 34.Rdxc2 d3 35.Rc8 dxe2 36.Qxe2 Qf6
37.Qd2 Nf4 38.Bf1 g6 39.Qe3 Ne6 40.R1c6 Kg7 41.Qc3 Rxc8 42.Rxc8 Nd4 43.Kg2 h5
44.Bc4 Rd7 45.Bb5 Rd6 46.g5 Qf4 47.Bc4 Rd7 48.Re8 Qxh4 49.Qe3 Nxf3 50.Kxf3  1/2-1/2

[Event "Lloyds Bank op"]
[Site "London"]
[Date "1985.??.??"]
[Round "?"]
[White "Conquest, Stuart"]
[Black "Winslow, Elliott C"]
[Result "1-0"]
[WhiteElo "2345"]
[BlackElo "2325"]

1.d4 d5 2.c4 e6 3.Nf3 Be7 4.g3 Nf6 5.Bg2 O-O 6.O-O dxc4 7.Qc2 a6 8.Qxc4 b5
9.Qc2 Bb7 10.Bf4 Nc6 11.Nc3 Nxd4 12.Nxd4 Bxg2 13.Rfd1 Bb7 14.Nxe6 Qe8 15.Nd4 Bc5
16.Ncxb5 Bxd4 17.Nxd4 Rc8 18.f3 Nd5 19.e4 Nxf4 20.gxf4 c5 21.Nf5 Rc6 22.Rd2 Bc8
23.Nd6 Qe7 24.Rad1 Bh3 25.Qc3 h6 26.Kh1 Kh7 27.f5 Rd8 28.Nc4 Rxd2 29.Qxd2 Qh4
30.Ne5 Rf6 31.Nd7 Rc6 32.Nf8+ Kg8 33.Qd8 Qxd8 34.Rxd8 g5 35.Nd7+ Kg7 36.f6+ Kh7
37.Nf8+ Kg8 38.e5 Rc8 39.Ne6+ Rxd8 40.Nxd8 Bd7 41.Nb7 c4 42.Kg2 Bc6 43.Na5 Bd5
44.Kf2 Kf8 45.Ke3 Ke8 46.f4 c3 47.bxc3 gxf4+ 48.Kxf4 Bxa2 49.c4 Kd7 50.Ke4 Bb1+
51.Kd4 Bg6 52.c5 Kc7 53.c6  1-0

[Event "URS-ch U26"]
[Site "Lvov"]
[Date "1985.??.??"]
[Round "?"]
[White "Korzubov, Peter"]
[Black "Kharitonov, Andrei Y"]
[Result "1/2-1/2"]
[WhiteElo "2460"]
[BlackElo "2450"]

1.d4 Nf6 2.c4 e6 3.Nf3 d5 4.g3 Be7 5.Bg2 O-O 6.O-O dxc4 7.Qc2 a6 8.a4 Bd7
9.Qxc4 Bc6 10.Bg5 Bd5 11.Qd3 Be4 12.Qd1 c5 13.dxc5 Bxc5 14.Nc3 Bc6 15.Qxd8 Rxd8
16.Ne5 Bxg2 17.Kxg2 Nbd7 18.Nxd7 Rxd7 19.Rfd1 Rad8 20.Rxd7 Rxd7 21.Rd1 Rxd1
22.Nxd1 Nd5 23.Bd2 f6 24.Nc3 Nxc3 25.Bxc3  1/2-1/2

[Event "URS-ch U26"]
[Site "Lvov"]
[Date "1985.??.??"]
[Round "?"]
[White "Kaidanov, Grigory S"]
[Black "Khalifman, Alexander"]
[Result "0-1"]
[WhiteElo "2415"]
[BlackElo "2485"]

1.d4 Nf6 2.c4 e6 3.g3 d5 4.Bg2 Be7 5.Nf3 O-O 6.Qc2 a6 7.Nbd2 c5 8.dxc5 d4
9.b4 a5 10.Nb3 Nc6 11.bxa5 e5 12.O-O Bg4 13.Bb2 Qc8 14.e3 dxe3 15.Nxe5 exf2+
16.Qxf2 Nxa5 17.Bd4 Be6 18.Nxa5 Rxa5 19.c6 b6 20.Rfe1 Rd8 21.Bxb6 Rxe5 22.Rxe5 Ng4
23.Qe2 Nxe5 24.Qxe5 Bf6 25.Qa5 Bxa1 26.Bxd8 Bd4+ 27.Kh1 Qb8 28.Be4 Bg4 29.Qb5 Qxd8
30.c7 Qc8 31.a4 g6 32.Qb8 Be5 33.Bb7 Qxb8 34.cxb8=Q+ Bxb8 35.c5 Bc7 36.Kg2 Bd7
37.c6 Bf5 38.Kf3 Bc2  0-1

[Event "URS-chI"]
[Site "Minsk"]
[Date "1985.??.??"]
[Round "8"]
[White "Gorelov, Sergey G"]
[Black "Khalifman, Alexander"]
[Result "1/2-1/2"]
[WhiteElo "2425"]
[BlackElo "2485"]

1.d4 Nf6 2.c4 e6 3.g3 d5 4.Nf3 Be7 5.Bg2 O-O 6.O-O dxc4 7.Qc2 a6 8.a4 Bd7
9.Rd1 Bc6 10.Nc3 Bxf3 11.Bxf3 Nc6 12.Bxc6 bxc6 13.a5 Qb8 14.Qa4 c5 15.Qxc4 cxd4
16.Rxd4 c5 17.Rd1 Qb4 18.Ra4 Qxc4 19.Rxc4 Rfd8 20.Rxd8+ Rxd8 21.Be3  1/2-1/2

[Event "Moscow-B"]
[Site "Moscow"]
[Date "1985.??.??"]
[Round "?"]
[White "Khalifman, Alexander"]
[Black "Spassov, Liuben"]
[Result "1/2-1/2"]
[WhiteElo "2485"]
[BlackElo "2415"]

1.d4 Nf6 2.c4 e6 3.g3 d5 4.Bg2 Be7 5.Nf3 O-O 6.O-O dxc4 7.Qc2 a6 8.a4 Bd7
9.Rd1 Bc6 10.Nc3 Bxf3 11.Bxf3 Nc6 12.Bxc6 bxc6 13.a5 Qb8 14.Ra4 c5 15.Rxc4 cxd4
16.Rdxd4 c5 17.Rh4 Re8 18.Be3 h6 19.Bxc5 Bxc5 20.Rxc5 Nd7 21.Rcc4 Ne5 22.Ra4 Qc7
23.Rhd4 Rab8 24.Qd2 Red8 25.Ne4 Rxd4 26.Rxd4 Qe7 27.Qc3 Qb7 28.b4 Nc6 29.Rc4 Nxb4
30.Nc5 Qb5 31.Rg4 g5 32.h4 Nd5 33.Qe5 Qb2 34.Qxb2 Rxb2 35.hxg5 hxg5 36.Rxg5+ Kf8
37.Re5 Ra2 38.Nxa6 Rxa5 39.e4 Ra1+ 40.Kg2 Rxa6 41.exd5 exd5 42.Rxd5 Ra4  1/2-1/2

[Event "Moscow"]
[Site "Moscow"]
[Date "1985.??.??"]
[Round "?"]
[White "Polugaevsky, Lev"]
[Black "Geller, Efim P"]
[Result "1/2-1/2"]
[WhiteElo "2625"]
[BlackElo "2540"]

1.d4 d5 2.c4 e6 3.Nf3 Nf6 4.g3 Be7 5.Bg2 O-O 6.O-O dxc4 7.Qc2 a6 8.Qxc4 b5
9.Qc2 Bb7 10.Bd2 Be4 11.Qc1 Nbd7 12.Ba5 Rc8 13.Nbd2 Ba8 14.Rd1 Qe8 15.b4 Ne4
16.Nxe4 Bxe4 17.Qf4 f5 18.Rac1 Bd6 19.Ne5 Bxg2 20.Kxg2 Nf6 21.Qf3 Nd5 22.a3  1/2-1/2

[Event "New York Manhattan"]
[Site "New York"]
[Date "1985.??.??"]
[Round "9"]
[White "Benjamin, Joel"]
[Black "Taylor, Timothy"]
[Result "1/2-1/2"]
[WhiteElo "2540"]
[BlackElo "2480"]

1.d4 d5 2.c4 e6 3.Nf3 Nf6 4.g3 Be7 5.Bg2 c6 6.Qc2 O-O 7.O-O Nbd7 8.Nbd2 b6
9.e4 dxe4 10.Nxe4 Nxe4 11.Qxe4 Bb7 12.Rd1 a5 13.Bf4 a4 14.Rac1 a3 15.b3 Nb8
16.Ne5 Bg5 17.Bxg5 Qxg5 18.c5 b5 19.Bf1 Ra7 20.Bd3 g6 21.h4 Qe7 22.h5 f6
23.Nf3 g5 24.Re1 Bc8 25.Nd2 Rd8 26.Rcd1 Qf7 27.Qf3 f5 28.Qe3 Qxh5 29.Nf3 Rg7
30.Kg2 g4 31.Ne5 Qg5 32.Qxg5 Rxg5 33.Bc2 Rg7 34.b4 Na6 35.Nxc6 Bb7 36.Rxe6 Rg6
37.d5 Bxc6 38.Rxc6 Rxc6 39.dxc6 Rxd1 40.Bxd1 Kf7 41.Be2 Nc7 42.Bd3 Ke6 43.Kf1 Kd5
44.Bxf5 Kc4 45.Bxg4 Kxb4 46.Bf5 h6 47.g4 Kxc5 48.f4 Kxc6 49.g5 h5 50.Bg6 Ne6
51.Bxh5 b4 52.Bd1  1/2-1/2

[Event "Nikea op"]
[Site "Nikea"]
[Date "1985.??.??"]
[Round "?"]
[White "Kotronias, Vasilios"]
[Black "Lirindzakis, Timotheos"]
[Result "1-0"]
[WhiteElo "2425"]
[BlackElo "2330"]

1.d4 Nf6 2.c4 e6 3.g3 d5 4.Bg2 Be7 5.Nf3 O-O 6.O-O dxc4 7.Qc2 a6 8.a4 Bd7
9.Ne5 Bc6 10.Nxc6 Nxc6 11.e3 Na5 12.Nd2 Nd5 13.Nxc4 Nxc4 14.Qxc4 a5 15.b3 c6
16.Bb2 Qb6 17.Rfd1 Rfd8 18.Rac1 Rd7 19.h3 Rad8 20.Kh2 Nb4 21.f4 Bf6 22.Bf3 Nd5
23.Re1 Nb4 24.Re2 Qa6 25.Qxa6 Nxa6 26.Bc3 Nb4 27.Bxb4 axb4 28.Rc4 Be7 29.g4 f6
30.Be4 g6 31.Kg3 Kf7 32.h4 Bd6 33.g5 Ra8 34.gxf6 Kxf6 35.Bf3 Kg7 36.Bg4 Kf7
37.Kf3 Rdd8 38.h5 Rg8 39.Re1 Rad8 40.Rh1 g5 41.f5 exf5 42.Bxf5 h6 43.Kg4 Kg7
44.Rf1 Rgf8 45.Rf3 Rf7 46.Rc2 Be7 47.Rc4 Bd6 48.e4 Bf8 49.Rd3 c5 50.d5 Kf6
51.Be6 Rh7 52.Rf3+ Ke5 53.Rf5+ Kd6 54.e5+ Kc7 55.Rf6 Kb8 56.Kf5 Rc7 57.d6  1-0

[Event "Nikea op"]
[Site "Nikea"]
[Date "1985.??.??"]
[Round "?"]
[White "Utasi, Tamas"]
[Black "Pandavos, Emanouel"]
[Result "1-0"]
[WhiteElo "2480"]
[BlackElo "2330"]

1.Nf3 Nf6 2.c4 e6 3.d4 d5 4.g3 Be7 5.Bg2 O-O 6.Qc2 a6 7.cxd5 exd5 8.O-O Nc6
9.Nc3 Bg4 10.Be3 Bd6 11.Rfd1 Qd7 12.Ne5 Nxe5 13.dxe5 Bf5 14.Qc1 Bxe5 15.Nxd5 Nxd5
16.Rxd5 Qe6 17.Bf4 Bxf4 18.Qxf4 Bg6 19.e3 Qb6 20.Qd4 Qxd4 21.Rxd4 Rab8 22.g4 h5
23.h3 hxg4 24.hxg4 Rfe8 25.Rad1 c5 26.Rd7 Be4 27.Rc7 Bxg2 28.Kxg2 Rec8 29.Rdd7 Rxc7
30.Rxc7 b6 31.Kf3 g6 32.g5 Rd8 33.Rc6 b5 34.Ke2 Rd5 35.f4 a5 36.b3 Kf8 37.a3 Ke7
38.e4 Rd4 39.Ke3 Rd1 40.Rxc5 Ra1 41.Rxb5 Rxa3 42.Kd4 Kf8 43.Rb8+ Kg7 44.e5 Ra1
45.e6 Rd1+ 46.Kc5 fxe6 47.Rb5 Ra1 48.Kd6 a4 49.Rb7+ Kf8 50.Ke5 axb3 51.Kf6 Ke8
52.Rxb3 Rf1 53.Kxe6  1-0